000 00549cam6a220020500 4500
001 tmp15212117
003 UPRA
005 20190823111749.0
008 950717s1979 nyu eng u
035 _a(Sirsi) r101189
035 _a(UPRA)tmp15212117
040 _cUPRA
100 1 _aMenninger, Karl.
_6A59288.1
245 1 0 _aWhatever became of sin?.
260 _aNew York :
_bHawthorn Books,
_c[1975 (1979)]
504 _aBibliography.
650 0 _aSin.
_6S29758.1
949 _aBV4625
_wlcc
_i-144149
_mMAIN
_tBOOK
_lON-SHELF
004 101189
999 _c152248
_d152248